1530 1671 1640 1638 1800 1408 1744 1072 1832 1244 1009 1989 1115 1009 1594 1021 1010 1611 1021 1834 1563 1926 1375 1665 1567 1693 1406 1493 1520 1761 1408 1237 1474 1070 1097 1316 1146 1966 1239 1729 1540 1383 1103 1468 1378 1737 1009 1205 1822 1979 1179 1579 1536 1849 1175 1582 1999 1662 1842 1725 1358 1006 1435 1852 1488 1176 1124 1994 1300 1436 1419 1191 1984 1520 1984 1046 1706 1710 1265 1398 1391 1420 1329 1176 1255 1104 1630 1091 1149 1439 1856 1475 1538 1703 1747 1556 1674 1654 1389 BCNSPRNW ULIB Ver.6.0+V

เปลี่ยนเป็นภาษาไทย

Change to English
 แสดงรายละเอียดบรรณานุกรม
  กลับหน้าหลัก

Brief Record : Get Marc (ISO 2709) : E-mail record : QR code < ปิดหน้าต่าง
LEADER : 00000nam 2200000uu 4500
001    13399107742
003     ULIB
008    110201s2553||||th 000 0 tha d
020    9786117089046
060 04 WY86^bพ282ก 2553
100 0  พรศิริ พันธสี
245 10 กระบวนการพยาบาล & แบบแผนสุขภาพ :^bการประยุกต์ใช้ทางคลินิก=^bNursing process & functional health pattern : application in clinical practice /^cพรศิริ พันธสี
246 31 Nursing process & functional health pattern : applicationin clinical practice
250    พิมพ์ครั้งที่ 5
260    กรุงเทพฯ :^bพิมพ์อักษร,^c2553
300    ก-ฎ, 334 หน้า ;^c26 ซม.
650  7 กระบวนการพยาบาล
650  7 การพยาบาล, การวินิจฉัย
650  7 สุขภาพ
650  7 การพยาบาล
945    ^p220^l0^i027050
945    ^p220^l0^i029476
945    ^p220^l0^i029475
945    ^p220^l0^i029491
995    เกษร
999 ^a ใช้งานได้ทุกระบบ
รายการนี้ยังไม่มีแท็ก
คุณยังไม่ได้ล็อกอิน คุณสามารถมีกิจกรรมร่วมกับเว็บไซต์ได้ แต่ต้องล็อกอินก่อน ::
  ล็อกอิน

รายการสื่อสารสนเทศ

ลำดับที่ ประเภท เลขเรียก/บาร์โค้ด สถานที่ สถานะ
1. Book การพยาบาล
Book การพยาบาล
WY86 พ282ก 2553 ฉ.10 
  Barcode: 029491
ห้องสมุดวิทยาเขตนครสวรรค์
►ส่วนจัดเก็บหนังสือเก่า นว.
บนชั้น
  ขอยืม
2. Book การพยาบาล
Book การพยาบาล
สถานะ=หนังสือเก่า
WY86 พ282ก 2553 ฉ.7 
  Barcode: 027050
ห้องสมุดวิทยาเขตนครสวรรค์
►ส่วนจัดเก็บหนังสือเก่า นว.
บนชั้น
  ขอยืม
3. Book การพยาบาล
Book การพยาบาล
WY86 พ282ก 2553 ฉ.8 
  Barcode: 029475
ห้องสมุดวิทยาเขตนครสวรรค์
►ส่วนจัดเก็บหนังสือเก่า นว.
บนชั้น
  ขอยืม
4. Book การพยาบาล
Book การพยาบาล
WY86 พ282ก 2553 ฉ.9 
  Barcode: 029476
ห้องสมุดวิทยาเขตนครสวรรค์
►ส่วนจัดเก็บหนังสือเก่า นว.
บนชั้น
  ขอยืม

รายการใกล้เคียง
    ผู้แต่ง [พรศิริ พันธสี]

    หัวเรื่อง [กระบวนการพยาบาล]
    หัวเรื่อง [การพยาบาล, การวินิจฉัย]
    หัวเรื่อง [สุขภาพ]
    หัวเรื่อง [การพยาบาล]

BibComment


ยังไม่เคยถูกคอมเมนท์

คอมเมนท์ทรัพยากรรายการนี้
  คอมเมนท์: กระบวนการพยาบาล ..


 Copyright 2026. Bcnsprnw @Library